Red Hot Chili Peppers Albums Tile Select - Statistics

General Stats
  • This quiz has been taken 404 times
  • The average score is 36 of 45
Answer Stats
Question Tile Select % Correct
the following songs that are on Blood Sugar Sex Magik (1991). Behind the Sun No
94%
the following songs that are on Blood Sugar Sex Magik (1991). Suck My Kiss Yes
94%
the following songs that are on Blood Sugar Sex Magik (1991). Higher Ground No
92%
the following songs that are on Californication (1999). Scar Tissue Yes
92%
the following songs that are on Blood Sugar Sex Magik (1991). Show Me Your Soul No
92%
the following songs that are on Blood Sugar Sex Magik (1991). Give It Away Yes
91%
the following songs that are on Californication (1999). Otherside Yes
91%
the following songs that are on Californication (1999). The Zephyr Song No
91%
the following songs that are on Blood Sugar Sex Magik (1991). Under the Bridge Yes
91%
the following songs that are on Californication (1999). Slow Cheetah No
90%
the following songs that are on Stadium Arcadium (2006). Snow (Hey Oh) Yes
90%
the following songs that are on Californication (1999). Around the World Yes
89%
the following songs that are on Stadium Arcadium (2006). Monarchy of Roses No
89%
the following songs that are on Stadium Arcadium (2006). Dani California Yes
88%
the following songs that are on By the Way (2002). Dark Necessities No
87%
the following songs that are on Californication (1999). Fortune Faded No
87%
the following songs that are on By the Way (2002). The Adventures of Rain Dance Maggie No
87%
the following songs that are on Stadium Arcadium (2006). Look Around No
86%
the following songs that are on Californication (1999). Can't Stop No
85%
the following songs that are on One Hot Minute (1995). Aeroplane Yes
84%
the following songs that are on By the Way (2002). Dosed Yes
84%
the following songs that are on Stadium Arcadium (2006). Venice Queen No
84%
the following songs that are on Blood Sugar Sex Magik (1991). Breaking the Girl Yes
83%
the following songs that are on Blood Sugar Sex Magik (1991). Soul to Squeeze No
83%
the following songs that are on By the Way (2002). Hump de Bump No
82%
the following songs that are on Californication (1999). Parallel Universe Yes
81%
the following songs that are on Californication (1999). Road Trippin' Yes
81%
the following songs that are on By the Way (2002). The Velvet Glove No
81%
the following songs that are on Stadium Arcadium (2006). Tell Me Baby Yes
80%
the following songs that are on One Hot Minute (1995). The Power of Equality No
80%
the following songs that are on One Hot Minute (1995). Knock Me Down No
79%
the following songs that are on Stadium Arcadium (2006). Charlie Yes
78%
the following songs that are on One Hot Minute (1995). My Friends Yes
77%
the following songs that are on By the Way (2002). Universally Speaking Yes
77%
the following songs that are on One Hot Minute (1995). They're Red Hot No
74%
the following songs that are on By the Way (2002). Throw Away Your Television Yes
73%
the following songs that are on By the Way (2002). Cabron Yes
72%
the following songs that are on Stadium Arcadium (2006). Desecration Smile Yes
70%
the following songs that are on Blood Sugar Sex Magik (1991). If You Have to Ask Yes
67%
the following songs that are on One Hot Minute (1995). Love Rollercoaster No
67%
the following songs that are on One Hot Minute (1995). Warped Yes
67%
the following songs that are on By the Way (2002). On Mercury Yes
65%
the following songs that are on One Hot Minute (1995). Coffee Shop Yes
63%
the following songs that are on Stadium Arcadium (2006). Readymade Yes
55%
the following songs that are on One Hot Minute (1995). Shallow Be Thy Game Yes
45%
No matching quizzes found
Score Distribution
Percent of People with Each Score
Percentile by Number Answered
Your Score History
You have not taken this quiz